BSOP header

Profiles of radical reformers : (Record no. 47162)

MARC details
000 -LEADER
fixed length control field 00919nam a2200277 a 4500
001 - CONTROL NUMBER
control field 428178
005 - DATE AND TIME OF LATEST TRANSACTION
control field 20190711110727.0
008 - FIXED-LENGTH DATA ELEMENTS--GENERAL INFORMATION
fixed length control field 831031s1982 onca b 001 0ceng
010 ## - LIBRARY OF CONGRESS CONTROL NUMBER
LC control number 81083728
020 ## - INTERNATIONAL STANDARD BOOK NUMBER
International Standard Book Number 0836112504 (pbk.)
040 ## - CATALOGING SOURCE
Original cataloging agency DLC
Transcribing agency DLC
Modifying agency DLC
041 1# - LANGUAGE CODE
Language code of text/sound track or separate title engger
130 0# - MAIN ENTRY--UNIFORM TITLE
Uniform title Radikale Reformatoren.
Language of a work English.
245 10 - TITLE STATEMENT
Title Profiles of radical reformers :
Remainder of title biographical sketches from Thomas Müntzer to Paracelsus /
Statement of responsibility, etc Hans-Jürgen Goertz, editor ; Walter Klaassen, English edition editor.
260 ## - PUBLICATION, DISTRIBUTION, ETC. (IMPRINT)
Place of publication, distribution, etc Kitchener, Ont. ;
Name of publisher, distributor, etc Herald Press,
Date of publication, distribution, etc c1982.
300 ## - PHYSICAL DESCRIPTION
Extent 280 p. :
Other physical details ill. ;
Dimensions 20 cm.
336 ## - CONTENT TYPE
Content Type Term text
337 ## - MEDIA TYPE
Media Type Term unmediated
338 ## - CARRIER TYPE
Carrier Type Term volume
500 ## - GENERAL NOTE
General note Translation of: Radikale Reformatoren.
504 ## - BIBLIOGRAPHY, ETC. NOTE
Bibliography, etc Includes bibliographies and index.
650 #0 - SUBJECT ADDED ENTRY--TOPICAL TERM
Topical term or geographic name as entry element Reformation
General subdivision Biography.
700 1# - ADDED ENTRY--PERSONAL NAME
Personal name Goertz, Hans-Jürgen.
700 1# - ADDED ENTRY--PERSONAL NAME
Personal name Klaassen, Walter,
Dates associated with a name 1926-
942 ## - ADDED ENTRY ELEMENTS (KOHA)
Source of classification or shelving scheme Library of Congress Classification
Item type Books
Holdings
Withdrawn status Lost status Source of classification or shelving scheme Damaged status Not for loan Home library Current library Shelving location Date acquired Inventory number Total Checkouts Full call number Barcode Date last seen Price effective from Koha item type
    Library of Congress Classification     BSOP Library BSOP Library GC 07/11/2019 18191   BR315 P94 00019417 07/11/2019 07/11/2019 Books
BSOP

Biblical Seminary of the Philippines
  All rights Reserved
  © 2024

CONTACT INFORMATION

Biblical Seminary of the Philippines,
  77-B Karuhatan Road, Valenzuela City,
  PHILIPPINES 1441
  Phone: +632 8292-6795 / 8292-6798
  Fax : +632 8292-6675
  Email: library@bsop.edu.ph